000 00599nam a2200169 i 4500
001 77111
003 ES-MaACL
005 20251115063242.0
007 t|
008 041006s1953 sp ||||1| spa d
100 1 _aGutiérrez Ballesteros, José María,
_cConde de Colombí
_961094
245 1 4 _aLas regiones españolas en Madrid
_b: Andalucía /
_cpor por José María Gutiérrez Ballesteros, Conde de Colombí.
260 _aMadrid :
_b[s.n.],
_c1953 (
_fArtes Gráfs. Arges)
300 _a22 p., 1 lám. ;
_c25 cm.
852 _aES-MaACL
_j1961-F-10
_bR.34526
999 _c77111
_d77111